Código Procesal Penal: sistematizado con jurisprudencia
שמור ב:
| מחבר תאגידי: | |
|---|---|
| מחברים אחרים: | |
| פורמט: | ספר |
| שפה: | ספרדית |
| יצא לאור: |
Santiago, Chile:
Legal Publishing; Thomson Reuters,
2017
|
| מהדורה: | Tercera Edición. |
| נושאים: | |
| תגים: |
הוספת תג
אין תגיות, היה/י הראשונ/ה לתייג את הרשומה!
|
MARC
| LEADER | 00000cam a2200000 a 4500 | ||
|---|---|---|---|
| 001 | UCC1954 | ||
| 003 | CL-VaPUC | ||
| 005 | 20241002154600.0 | ||
| 008 | 171214e20170000cl |||||||||||||||||spa|d | ||
| 999 | |c 370283 |d 370281 | ||
| 020 | |a 9789563469066 | ||
| 040 | |c Pontificia Universidad Católica de Valparaíso | ||
| 082 | 0 | 4 | |a 345.8305 CHI 2017 |2 21 |
| 110 | 1 | |a Chile |9 890760 | |
| 245 | 1 | 0 | |a Código Procesal Penal: sistematizado con jurisprudencia |
| 250 | |a Tercera Edición. |b Actualizada al 6 de noviembre de 2017. | ||
| 260 | |a Santiago, Chile: |b Legal Publishing; |b Thomson Reuters, |c 2017 | ||
| 300 | |a 1121 páginas | ||
| 505 | |a Prólogo. Mensaje de S.E. el Presidente de la República con el que inicia un proyecto de ley que establece un nuevo Código de Procedimiento Penal. -Libro Primero. Disposiciones Generales. -Libro Segundo. Procedimiento Ordinario. -Libro Tercero. Recursos. -Libro Cuarto. Procedimientos Especiales y Ejecución. | ||
| 583 | |a last modification |c 20171214 17:05:00 |k Rodrigo Vera | ||
| 650 | 0 | |a Derecho penal chileno |9 891947 | |
| 650 | 0 | |a Derecho procesal penal |9 891948 | |
| 650 | 0 | |a Código procesal penal |9 432657 | |
| 650 | 0 | |a Jurisprudencia penal |9 256149 | |
| 700 | |a Blanco Suárez, Rafael |9 891940 | ||
| 942 | |c BK |2 ddc | ||
| 945 | |d 20171214 17:05:00 |a dcastane | ||
| 952 | |0 0 |1 0 |2 ddc |3 erb |4 0 |6 345_830500000000000_CHI_2017 |7 0 |8 R |9 486668 |a BIBDER |b BIBDER |i 5442079 |l 4 |o 345.8305 CHI 2017 |p 5442079 |r 2025-03-18 |s 2025-03-18 |w 2019-11-24 |y BK_R |z Catalogado en:20171214 |k DER | ||